| 000 | 00476nam a2200169 4500 | ||
|---|---|---|---|
| 001 | 118086 | ||
| 003 | ES-MaACL | ||
| 005 | 20230906191028.0 | ||
| 007 | t| | ||
| 008 | 070214s1967 mx r ||||1| spa d | ||
| 100 | 1 |
_aPellecer, Carlos Manuel. _990056 |
|
| 245 | 1 | 0 |
_aUtiles después de muertos _b: novela / _cCarlos Manuel Pellecer. |
| 250 | _a2ª ed. | ||
| 260 |
_aMéxico : _bB. Costa-Amic, _c1967. |
||
| 300 |
_a399 p. ; _c23 cm. |
||
| 852 |
_aES-MaACL _jA-5908 _bR.93561 |
||
| 999 |
_c118086 _d118086 |
||